An Agricultural strategy for Albania : (Record no. 10505)

MARC details
000 -LEADER
fixed length control field 01065nam a2200301 4500
001 - CONTROL NUMBER
control field 2978754
005 - DATE AND TIME OF LATEST TRANSACTION
control field 20150619103409.0
007 - PHYSICAL DESCRIPTION FIXED FIELD--GENERAL INFORMATION
fixed length control field 000
008 - FIXED-LENGTH DATA ELEMENTS--GENERAL INFORMATION
fixed length control field 000
010 ## - LIBRARY OF CONGRESS CONTROL NUMBER
LC control number 92036157
020 ## - INTERNATIONAL STANDARD BOOK NUMBER
International Standard Book Number 0821323040
040 ## - CATALOGING SOURCE
Original cataloging agency UOEL
Transcribing agency DLC
Modifying agency DLC
043 ## - GEOGRAPHIC AREA CODE
Geographic area code e-aa---
050 00 - LIBRARY OF CONGRESS CALL NUMBER
Classification number HD2040.5
Item number .A37 1992
082 00 - DEWEY DECIMAL CLASSIFICATION NUMBER
Classification number 338.1/84965
Edition number 20
245 03 - TITLE STATEMENT
Title An Agricultural strategy for Albania :
Remainder of title a report /
Statement of responsibility, etc prepared by a joint team from the World Bank and the European Community.
260 ## - PUBLICATION, DISTRIBUTION, ETC. (IMPRINT)
Place of publication, distribution, etc Washington, D.C., U.S.A. :
Name of publisher, distributor, etc World Bank,
Date of publication, distribution, etc 1992.
300 ## - PHYSICAL DESCRIPTION
Extent 265 p. :
Other physical details ill., 4 col. folded maps ;
Dimensions 28 cm.
500 ## - GENERAL NOTE
General note Authors of the report: Jean-Jacques Dethier and others.
650 #0 - SUBJECT ADDED ENTRY--TOPICAL TERM
Topical term or geographic name as entry element Agriculture and state
Geographic subdivision Albania.
651 #0 - SUBJECT ADDED ENTRY--GEOGRAPHIC NAME
Geographic name Albania
General subdivision Economic policy.
700 1# - ADDED ENTRY--PERSONAL NAME
Personal name Dethier, Jean-Jacques,
Dates associated with a name 1952-
710 2# - ADDED ENTRY--CORPORATE NAME
Corporate name or jurisdiction name as entry element World Bank.
Corporate name or jurisdiction name as entry element European Economic Community.
906 ## - LOCAL DATA ELEMENT F, LDF (RLIN)
a 7
b cbc
c orignew
d 1
e ocip
f 19
g y-gencatlg
942 ## - ADDED ENTRY ELEMENTS (KOHA)
Source of classification or shelving scheme Library of Congress Classification
Item type Loan - Normal on open shelf
Holdings
Withdrawn status Lost status Source of classification or shelving scheme Damaged status Not for loan Home library Current library Shelving location Date acquired Total Checkouts Full call number Barcode Date last seen Copy number Price effective from Koha item type
    Library of Congress Classification     UOE Main Library UOE Main Library Open shelf 19/06/2015   HD2040.5 .A37 1992 10062553 27/04/2026 10062553 19/06/2015 Loan - Normal on open shelf
    Library of Congress Classification     UOE Main Library UOE Main Library Open shelf 19/06/2015   HD2040.5 .A37 1992 10062554 27/04/2026 10062554 19/06/2015 Loan - Normal on open shelf